[Event "OP-2023-0-05391"]
[Site "LSS email"]
[Date "2023.03.27"]
[Round "?"]
[White "Fernandez, Gabriel"]
[Black "Michailov, Valerij"]
[Result "0-1"]
[WhiteElo "800"]
[BlackElo "1563"]
[PlyCount "50"]
[EventDate "2023.03.18"]
[EventType "tourn (corr)"]
[EventRounds "4"]
[EventCountry "GER"]
[SourceTitle "Corr 2024"]
[Source "ChessBase"]
[SourceDate "2023.10.19"]
[SourceVersion "1"]
[SourceVersionDate "2023.10.19"]
[SourceQuality "1"]

1. d4 Nf6 2. e4 Nxe4 3. Nc3 Nxc3 4. bxc3 d6 5. Bc4 d5 6. Bb3 e6 7. Nf3 c5 8. c4 b5 9. c3 bxc4 10. Bc2 Nc6 11. Be3 Bd7 12. 0-0 cxd4 13. Nxd4 Be7 14. f4 0-0 15. Qh5 g6 16. Qh6 Bf6 17. f5 Bg7 18. Qh3 Nxd4 19. Bxd4 Bxd4+ 20. cxd4 exf5 21. Qh6 Re8 22. Rf3 Qf6 23. Rd1 Re2 24. Bb1 Rb8 25. Rh3 Qxd4+ 0-1

[Event "OP-2023-0-05380"]
[Site "LSS email"]
[Date "2023.02.16"]
[Round "?"]
[White "Correa de Almeida, Claudio"]
[Black "Fernandez, Gabriel"]
[Result "1-0"]
[WhiteElo "1435"]
[BlackElo "800"]
[PlyCount "37"]
[EventDate "2023.02.15"]
[EventType "tourn (corr)"]
[EventRounds "4"]
[EventCountry "GER"]
[SourceTitle "Corr 2024"]
[Source "ChessBase"]
[SourceDate "2023.10.19"]
[SourceVersion "1"]
[SourceVersionDate "2023.10.19"]
[SourceQuality "1"]

1. e4 e5 2. Nf3 Qe7 3. Nc3 Nc6 4. Nd5 Qd8 5. d4 Nxd4 6. Nxd4 exd4 7. Bf4 d6 8. Qxd4 c6 9. Nc3 Be6 10. 0-0-0 Nf6 11. e5 dxe5 12. Qxe5 Nd5 13. Nxd5 cxd5 14. Bb5+ Ke7 15. Rhe1 Qb6 16. Qxd5 Rd8 17. Bg5+ f6 18. Rxe6+ Qxe6 19. Qxb7+ 1-0

[Event "OP-2023-0-05380"]
[Site "LSS email"]
[Date "2023.02.16"]
[Round "?"]
[White "Fernandez, Gabriel"]
[Black "Maly, Marian"]
[Result "1-0"]
[WhiteElo "800"]
[BlackElo "726"]
[PlyCount "25"]
[EventDate "2023.02.15"]
[EventType "tourn (corr)"]
[EventRounds "4"]
[EventCountry "GER"]
[SourceTitle "Corr 2024"]
[Source "ChessBase"]
[SourceDate "2023.10.19"]
[SourceVersion "1"]
[SourceVersionDate "2023.10.19"]
[SourceQuality "1"]

1. d4 d5 2. Nc3 e6 3. e4 Bb4 4. Be3 dxe4 5. f3 exf3 6. Nxf3 Nf6 7. Bd3 Ng4 8. Bg5 f6 9. Bf4 Nc6 10. h3 Nh6 11. a3 Nxd4 12. Nxd4 Qxd4 13. Bb5+ 1-0